Normal view MARC view

Entry Personal Name

Number of records used in: 2

001 - CONTROL NUMBER

  • control field: 241815

003 - CONTROL NUMBER IDENTIFIER

  • control field: OSt

005 - DATE AND TIME OF LATEST TRANSACTION

  • control field: 20220925172524.0

008 - FIXED-LENGTH DATA ELEMENTS

  • fixed length control field: 220925|| aca||aabn | a|a d

040 ## - CATALOGING SOURCE

  • Original cataloging agency: OSt
  • Transcribing agency: OSt

100 ## - HEADING--PERSONAL NAME

  • Personal name: Unique N.B.Chemials and Pharmaceuticals ltd

670 ## - SOURCE DATA FOUND

  • Source citation: Work cat.: (OSt)485278: Unique N.B.Chemials and Pharmaceuticals ltd. 241814, 14th Annual report and accounts for the period ended 31st March 1990, 1990
Copyright @ Delhi University Library System